Welcome to the Holygrace Academy Library

Please use search bar below to get started

MARTHANDAVARMMA (Record no. 5030)

MARC details
000 -LEADER
fixed length control field 00575nam a22001337a 4500
082 ## - DEWEY DECIMAL CLASSIFICATION NUMBER
Classification number 894.812.3
Item number RAM/M
100 ## - MAIN ENTRY--AUTHOR NAME
Personal name RAMANPILLA .C.V
245 ## - TITLE STATEMENT
Title MARTHANDAVARMMA
260 ## - PUBLICATION, DISTRIBUTION, ETC. (IMPRINT)
Place of publication KOLLAM
Name of publisher RACHANA BOOKS
Year of publication 2009
300 ## - PHYSICAL DESCRIPTION
Number of Pages 256
520 ## - SUMMARY, ETC.
Summary, etc Set in Kollavarsham 901–906 (Gregorian calendar: 1727–1732), the story revolves around three protagonists, Ananthapadmanabhan, Subhadra and Mangoikkal Kuruppu, who try to protect the title character from Padmanabhan Thambi and Ettu Veetil Pillamar who plan to oust him from the throne of Travancore.
650 ## - SUBJECT ADDED ENTRY--TOPICAL TERM
Topical Term NOVEL
942 ## - ADDED ENTRY ELEMENTS (KOHA)
Koha item type Books
Holdings
Withdrawn status Lost status Collection code Home library Current library Shelving location Date acquired Source of acquisition Cost, normal purchase price Full call number Accession Number Koha item type
    Fiction Main Library Main Library SHELF-16- J- MALAYALAM NOVELS,FICTIONS 13/07/2009 Purchase 150.00 894.812.3 RAM/M 02048 Books